书目信息 |
| 题名: |
听风观水
|
|
| 作者: | 李功超 著 | |
| 分册: | ||
| 出版信息: | 西安 陕西师范大学出版社 2007 |
|
| 页数: | 229页 | |
| 开本: | 23cm | |
| 丛书名: | ||
| 单 册: | ||
| 中图分类: | B992.4 | |
| 科图分类: | ||
| 主题词: | 住宅--风水--研究--中国 | |
| 电子资源: | ||
| ISBN: | 978-7-5613-3561-1 | |
| 000 | 00662nam0 2200217 450 | |
| 001 | 1571139000 | |
| 005 | 20150116194655.42 | |
| 010 | @a978-7-5613-3561-1@dCNY30.00 | |
| 100 | @a20070327d2007 em y0chiy50 ea | |
| 101 | 0 | @achi |
| 102 | @aCN@b610000 | |
| 105 | @aa z 000yy | |
| 200 | 1 | @a听风观水@9ting feng guan shui@f李功超著 |
| 210 | @a西安@c陕西师范大学出版社@d2007 | |
| 215 | @a229页@c图@d23cm | |
| 330 | @a本书主要内容:风水影响人生、什么是风水、如何选择旺宅、顺风顺水全家旺等。 | |
| 606 | 0 | @a住宅@x风水@x研究@y中国 |
| 690 | @aB992.4@v5 | |
| 701 | 0 | @a李功超@9li gong chao@f(1948~)@4著 |
| 801 | 0 | @aCN@bTSSF@c20150115 |
| 905 | @aZUCC@dB992.4@eJY84 | |
| 听风观水/李功超著.-西安:陕西师范大学出版社,2007 |
| 229页:图;23cm |
| ISBN 978-7-5613-3561-1:CNY30.00 |
| 本书主要内容:风水影响人生、什么是风水、如何选择旺宅、顺风顺水全家旺等。 |
| ● |
| 相关链接 |
|
|
|
|
正题名:听风观水
索取号:B992.4/JY84
 
预约/预借
| 序号 | 登录号 | 条形码 | 馆藏地/架位号 | 状态 | 备注 |
| 1 | 7851443 | 278514430 | 不外借—密集书库/ [索取号:B992.4/JY84] | 在馆 |